Mass appraisal methods (Record no. 110080)

MARC details
000 -LEADER
fixed length control field 02408cam a22002415a 4500
008 - FIXED-LENGTH DATA ELEMENTS--GENERAL INFORMATION
fixed length control field 090929s2009 xxk f 000 0 eng d
020 ## - INTERNATIONAL STANDARD BOOK NUMBER
International Standard Book Number 9781444301038
035 ## - SYSTEM CONTROL NUMBER
System control number (Sirsi) u148518
041 0# - LANGUAGE CODE
Language code of text/sound track or separate title eng
050 04 - LIBRARY OF CONGRESS CALL NUMBER
Classification number 333.332
100 1# - MAIN ENTRY--PERSONAL NAME
Personal name Kauko, Tom
245 00 - TITLE STATEMENT
Title Mass appraisal methods
Remainder of title an international perspective for property valuers
Medium [electronic resource]
260 ## - PUBLICATION, DISTRIBUTION, ETC.
Place of publication, distribution, etc. London
Name of publisher, distributor, etc. Wiley-Blackwell
Date of publication, distribution, etc. 2009
300 ## - PHYSICAL DESCRIPTION
Extent eBook
520 ## - SUMMARY, ETC.
Summary, etc. This eBook takes a cross-disciplinary and cross-cultural look at mass appraisal expertise for property valuation in different market conditions. The editors establish an international platform and present the scientific debate as well as practical feasibility considerations. Heretic and orthodox valuation methods are assessed based on specific criteria, partly technical and partly institutional. Methodological evaluation is approached using two types of criteria: operational concerns about how to determine property value differentials between spatial and functional units of real estate in a valid and reliable way (technical criteria); and the kind of market circumstances being operated in (institutional criteria). While technical criteria are relatively well-researched, there is little theoretically informed work on the connection between country context and selection of property appraisal methods. The book starts with an examination of current mass property appraisal practices, presenting case studies from widely differing markets - from the American and Dutch, where regression-based methods have been used successfully for some time; to the Eastern European and other emerging economies, where limitations have to be compensated by focusing on the modeling assumptions. The second part of the book looks at sophisticated modeling approaches, some of which represent combinations of elements from two or more techniques. Whatever the exact modeling approach, the requirements are always high for the quality of the data and suitability of the method. In the final section, methods are evaluated and compared according to technical criteria and against institutional contexts.
590 ## - LOCAL NOTE (RLIN)
Local note KA
650 ## - SUBJECT ADDED ENTRY--TOPICAL TERM
Topical term or geographic name entry element EBOOK
651 #4 - SUBJECT ADDED ENTRY--GEOGRAPHIC NAME
Geographic name ENGLAND AND WALES
690 ## - LOCAL SUBJECT ADDED ENTRY--TOPICAL TERM (OCLC, RLIN)
Topical term or geographic name as entry element RATING AND VALUATION
700 1# - ADDED ENTRY--PERSONAL NAME
Personal name d'Amato, Maurizio
856 48 - ELECTRONIC LOCATION AND ACCESS
Uniform Resource Identifier <a href="https://www.vlebooks.com/">https://www.vlebooks.com/</a>
Public note View on VLEbooks. Logins for members only from [email protected]
942 ## - ADDED ENTRY ELEMENTS (KOHA)
Suppress in OPAC 0
Holdings
Withdrawn status Lost status Source of classification or shelving scheme Damaged status Not for loan Home library Current library Shelving location Date acquired Total Checkouts Full call number Barcode Date last seen Copy number Price effective from Koha item type
    Dewey Decimal Classification     Virtual Virtual Online 29/09/2009   EBOOK 148518 06/08/2019 1 06/08/2019 Book